000 02445nac a22003131u 4500
008 100224s19982010mau|||||r|||| 001 0 eng d
020 _a0132465507
020 _a9780132465502
082 _a658.87
_bBER
_222
100 _aBerman, Barry.
_911887
245 _aRetail Management :
_bA Strategic Approach /
_cBarry Berman & Joel R. Evans.
250 _a11th ed.
260 _aUpper Saddle River, N.J. :
_bPearson Prentice Hall, 2010
_c2010.
300 _a654 p. :
_bcol. ill., col. ports. ;
_c28 cm.
500 _a"International edition" - cover.
504 _aIncludes bibliographical references (p.621-632) and indexes.
650 _aRetail trade
_xManagement.
_911888
700 _aEvans, Joel R.
_911889
942 _cNB
_k658.87BER
_2ddc
999 _c13503
_d13503